| 000 | 01348nam0a2200337 4500 | ||
|---|---|---|---|
| 001 | RU\NLR\BIBL_A\011889945 | ||
| 005 | 20181224165705.0 | ||
| 010 |
_a978-5-17-111913-3 _95000 |
||
| 021 |
_aRU _bКН-П-18-085552 _9КН-П-18-6196 |
||
| 035 | _a(NLR Aleph) 011889945 | ||
| 035 | _a(RuMoRGB)009804661 | ||
| 090 |
_a10825821 _c10825821 |
||
| 100 | _a20181212d2018 a y0rusy50 ca | ||
| 101 | 1 |
_arus _ceng |
|
| 102 | _aRU | ||
| 105 | _ay|||zzzz0|1zy | ||
| 200 | 1 |
_aСатана в предместье _aКошмары знаменитостей _e[сборник] _fБертран Рассел _g[перевод с английского А. Кабалкина] |
|
| 210 |
_aМосква _cАСТ _d2018 |
||
| 215 |
_a350, [1] с. _d18 |
||
| 225 | 1 | _aЭксклюзивная классика | |
| 300 | _aНа 4-й с. обл. авт.: Б. Рассел, математик и философ, лауреат Нобелевской премии по литературе | ||
| 320 | _aДр. произведения авт. на 4-й с. обл. | ||
| 333 | _a16+ | ||
| 686 | 1 | _aШ6(4Вл)67-440.5{Лх1299-80} | |
| 700 | 1 |
_aРассел _bБ. _f1872-1970 _gБертран |
|
| 942 | _cBOOK | ||
| 980 | _aNBR | ||
| 980 | _aNB | ||